Йовков (Запис номер 109663)
[ съкратено ]
| 000 -Лидер | |
|---|---|
| Контролно поле с фиксирана дължина | 01812nam a2200385 c 4500 |
| 003 - Код на организацията, давaща контролен номер | |
| Контролно поле | BLK |
| 005 - Дата и час на последна редакция | |
| Контролно поле | 20241025005438.0 |
| 008 - Елементи от данни с фиксирана дължина | |
| fixed length control field | 180409b bul|||||r ||||||| ||bul|| |
| 010 ## - Наследен системен номер | |
| LC control number | KNG00114980000 |
| 020 ## - Международен стандартен номер на книга ISBN | |
| Международен стандартен номер на книга ISBN | 954-439-771-Х |
| -- | издат.: Слово |
| 040 ## - Източник на каталожния запис | |
| Идентификатор на билиотеката - собственик на записа | BLK |
| 041 ## - Код за език | |
| Код за езика на текст/звукозапис или на отделно заглавие | Български |
| Код за езика КДБФ | Български |
| 080 ## - УДК | |
| Текстов определител УДК | Българска литература |
| УДК код - определител по УДК | 821.163.2 |
| УДК определител | .09 |
| УДК - код + определител | 821.163.2.09 |
| 080 ## - УДК | |
| Текстов определител УДК | Българска литература |
| УДК код - определител по УДК | 821.163.2 |
| УДК определител | (092) |
| УДК - код + определител | 821.163.2(092) |
| 080 ## - УДК | |
| Текстов определител УДК | Български писател |
| УДК код - определител по УДК | 929 Йовков, Йордан Стефанов |
| УДК определител | |
| УДК - код + определител | 929 Йовков, Йордан Стефанов |
| 139 ## - Редно поле | |
| Редна дума | Йовков |
| Авторски знак | Иовк - И 77 |
| 245 10 - Сведения за заглавието | |
| Заглавие | Йовков |
| Подзаглавни данни | Съвр. интерпретации |
| Редно поле (дума) | състав. Милена Георгиева Кирова. |
| 257 ## - Страна на издаване | |
| Страна на създаване/издаване | България |
| 260 ## - Област на издателските данни | |
| -- | В. Търново |
| Име на издателя, разпространителя и проч. | Слово |
| Година на издаване | 2003 |
| Печатница | В. Търново : Абагар |
| 300 ## - Физическа характеристика | |
| Страници | 336 с. |
| Размери/Мащаб | 20 см |
| 380 ## - Жанр | |
| Жанр | Литературознание |
| 490 1# - СЕРИИ (Колекции) | |
| Име на серия | Библиотека Разночетения |
| №: серия | № 3 |
| 500 ## - Общи забележки | |
| Забележка | Съдържа и Биобиблиографски бележки ; Литература за Йордан Йовков 1990-2002. - Библиогр. под линия |
| 600 #0 - Име на лице, използвано като предмет | |
| За него / За нея | Йовков, Йордан Стефанов |
| Свързани дати | 1880-1937 |
| Друга информация | Писател класик - белетрист, драматург, майстор на късия разказ |
| 9 (RLIN) | 363298 |
| 650 #4 - Допълнително описание по предмет – тема | |
| Основно описание – тема или топоним | Българска литература - критика |
| 9 (RLIN) | 241969 |
| 650 #0 - Допълнително описание по предмет – тема | |
| Основно описание – тема или топоним | Писатели, български |
| 9 (RLIN) | 241944 |
| 653 ## - Ключова дума – ненормативна | |
| Ключова дума | писатели |
| 700 ## - Други автори (авторска отговорност) | |
| Лично име | Кирова, Милена Георгиева |
| 9 (RLIN) | 251220 |
| 852 ## - Местоположение | |
| Форматна сигнатура | Цб 220860 |
| 856 4# - Електронен адрес и достъп | |
| Електронен формат | pdf - файл |
| Път до файла /url/ | |
| 856 4# - Електронен адрес и достъп | |
| Електронен формат | pdf - файл |
| Път до файла /url/ | |
| 942 ## - АРТИКУЛИ | |
| Вид на библиотечния материал | Книги |
| Скрит в OPAC | Не |
| Koha issues (borrowed), all copies | 1 |
| 944 ## - СЪЗДАВАНЕ И РЕДАКЦИЯ на ЗАПИСА | |
| Създаване/Редакция | Създаване |
| Дата на регистрацията/редакция | 13.09.2004 |
| Служител, извършил регистрацията/редакцията | |
| Статус, дата на статуса | CRON CRON |
| 944 ## - СЪЗДАВАНЕ И РЕДАКЦИЯ на ЗАПИСА | |
| Създаване/Редакция | Редакция |
| Дата на регистрацията/редакция | 28.10.2004 |
| Служител, извършил регистрацията/редакцията | |
| 999 ## - СИСТЕМНИ КОНТРОЛНИ НОМЕРА | |
| Koha biblionumber | 109663 |
| Koha biblioitemnumber | 109663 |
| Код за отписване | Код за изгубен артикул | Източник на класификационната схема | Код за повреда | Коз за рестрикции | Код за отдаване | Артикулен № | Име на библиотеката - собственик | Име на библиотеката, в която се намира в момента | Статус (Текущо местоположение) | Дата на вписване в системата | Местоположение - отдел | Цена в лева | Инвентарен номер | Систематично азбучна сигнатура | Баркод | Номер на екземпляра | Цена в евро | Служебна бележка | Служебен тип на артикула |
|---|---|---|---|---|---|---|---|---|---|---|---|---|---|---|---|---|---|---|---|
| Не е изгубен | Universal Decimal Classification | Не е повреден | без рестрикции | заемане за дома | 176638 | Регионална библиотека "Любен Каравелов" Русе | Регионална библиотека "Любен Каравелов" Русе | Заемна - подръчен фонд | 2004-09-13 | Заемна - подръчен фонд | 6.00 | 120000688290 | П 821.163.2.09(092)/И 77 | 120000688290 | 1 | 3.07 | Дост: Pk Вид: Ф N: 8881 Дата: 03.09.2004 Дата инв: 07.02.2018 Бележки инв: П2018 | Книги | |
| Не е изгубен | Universal Decimal Classification | Не е повреден | без рестрикции | заемане за дома | 176639 | Регионална библиотека "Любен Каравелов" Русе | Регионална библиотека "Любен Каравелов" Русе | Заемна - подръчен фонд | 2004-09-13 | Заемна - подръчен фонд | 6.00 | 120000688291 | П 821.163.2.09(092)/И 77 | 120000688291 | 2 | 3.07 | Дост: Pk Вид: Ф N: 8881 Дата: 03.09.2004 Дата инв: 07.02.2018 Бележки инв: П2018 | Книги | |
| Не е изгубен | Universal Decimal Classification | Не е повреден | без рестрикции | заемане за дома | 176640 | Регионална библиотека "Любен Каравелов" Русе | Регионална библиотека "Любен Каравелов" Русе | Заемна - подръчен фонд | 2004-09-13 | Заемна - подръчен фонд | 6.00 | 120000688292 | П 821.163.2.09(092)/И 77 | 120000688292 | 3 | 3.07 | Дост: Pk Вид: Ф N: 8881 Дата: 03.09.2004 Дата инв: 07.02.2018 Бележки инв: П2018 | Книги | |
| Не е изгубен | Universal Decimal Classification | Не е повреден | без рестрикции | заемане за дома | 176641 | Регионална библиотека "Любен Каравелов" Русе | Регионална библиотека "Любен Каравелов" Русе | Заемна - подръчен фонд | 2004-09-13 | Заемна - подръчен фонд | 6.00 | 120000688293 | П 821.163.2.09(092)/И 77 | 120000688293 | 4 | 3.07 | Дост: Pk Вид: Ф N: 8881 Дата: 03.09.2004 Дата инв: 07.02.2018 Бележки инв: П2018 | Книги | |
| Не е изгубен | Universal Decimal Classification | Не е повреден | без рестрикции | ползва се в читалня | 176642 | Регионална библиотека "Любен Каравелов" Русе | Регионална библиотека "Любен Каравелов" Русе | Читалня | 2004-09-13 | Читалня | 6.00 | 120000688294 | Ч 821.163.2.09(092)/И 77 | 120000688294 | 5 | 3.07 | Дост: Pk Вид: Ф N: 8881 Дата: 03.09.2004 Дата инв: 27.03.2017 Бележки инв: Ч2017 | Книги | |
| Не е изгубен | Не е повреден | без рестрикции | ползва се в читалня | 176643 | Регионална библиотека "Любен Каравелов" Русе | Регионална библиотека "Любен Каравелов" Русе | Хранилище | 2004-10-07 | Хранилище | 6.00 | 120000689076 | Цб 220860 | 120000689076 | 6 | 3.07 | Дост: Dp Вид: Д N: 48 Дата: 19.11.2003 | Книги |